Harry Potter Characters Most Mentioned A-Z Quiz Stats

 Plays Quiz Updated Jun 12, 2018

Score 0/24 Timer 05:00
13 Plays Today
Question Answer Wrong Answers
'A'
(2,421)
Albus Dumbledore
97.6%
Arthur Weasley
1.6%
Alastor Moody
0.4%
Argus Filch
0.4%
'Q'
(122)
Quirinus Quirrell
93.7%
'Z'
(48)
Zacharias Smith
93.1%
'X'
(124)
Xenophilius Lovegood
93.1%
'F'
(920)
Fred Weasley
90.2%
Fleur Delacour
2.2%
Filius Flitwick
3.1%
Fang
1.3%
'N'
(810)
Neville Longbottom
89.6%
Nymphadora Tonks
1.4%
Nearly Headless Nick
2.2%
Narcissa Malfoy
0.7%
'T'
(1,797)
Tom Riddle
88.5%
Travers
0.7%
Ted Tonks
1.5%
Trevor
2.6%
'D'
(1,198)
Draco Malfoy
87.4%
Dolores Umbridge
2%
Dobby
5.8%
Dudley Dursley
2.7%
'I'
(165)
Igor Karkaroff
85.6%
Irma Pince
9.9%
'O'
(208)
Oliver Wood
83.3%
Olympe Maxime
10.6%
'J'
(190)
James Potter
81.1%
Justin Finch-Fletchley
8.8%
James Sirius Potter
5%
Jimmy Peakes
0.3%
'H'
(18,956)
Harry Potter
81%
Hermione Granger
14.5%
Horace Slughorn
0.1%
Hedwig
0.7%
'S'
(1,956)
Severus Snape
79.3%
Sirius Black
13.4%
Sybill Trelawney
0.2%
Seamus Finnigan
0.5%
'R'
(6,464)
Ron Weasley
76.2%
Rubeus Hagrid
15.4%
Remus Lupin
1.7%
Rita Skeeter
0.4%
'M'
(770)
Minerva McGonagall
76.1%
Molly Weasley
15.2%
Mundungus Fletcher
0.5%
Moaning Myrtle
2.5%
'W'
(162)
Winky
69.1%
Walden Macnair
12.9%
Warrington
4.8%
Wilkie Twycross
6.3%
'L'
(356)
Luna Lovegood
62.7%
Lucius Malfoy
29.1%
Ludo Bagman
0.5%
Lavender Brown
2.2%
'E'
(92)
Ernie Macmillan
54.1%
Elphias Doge
11.4%
Ernie Prang
4.8%
Errol
26.8%
'V'
(530)
Vernon Dursley
51.9%
Viktor Krum
14.4%
Vincent Crabbe
26.9%
'P'
(486)
Peter Pettigrew
47.7%
Percy Weasley
27.6%
Petunia Dursley
9.4%
Peeves
9.2%
'C'
(493)
Cornelius Fudge
43.1%
Cedric Diggory
26%
Cho Chang
15.7%
Crookshanks
13.9%
'G'
(821)
George Weasley
42.4%
Ginny Weasley
52.5%
Gilderoy Lockhart
0.7%
Gregory Goyle
1%
'K'
(312)
Kreacher
39%
Katie Bell
22.9%
Kingsley Shacklebolt
30.4%
Kendra Dumbledore
2.6%
'B'
(302)
Bill Weasley
24.4%
Barty Crouch Sr.
3.6%
Bellatrix Lestrange
66.2%
Buckbeak
5.4%

You're not logged in!

Compare scores with friends on all Sporcle quizzes.
OR
Log In

Sporcle TV

Today on Sporcle TV


Watch our educational content, quiz creation guides, and fun videos on Sporcle TV.

Show Comments

Extras

Top Quizzes Today


Score Distribution

Your Account Isn't Verified!

In order to create a playlist on Sporcle, you need to verify the email address you used during registration. Go to your Sporcle Settings to finish the process.

Report this User

Report this user for behavior that violates our Community Guidelines.

Details: